Iglesias, identidad y plurirreligiosidad: una mirada al protestantismo histórico.

Los siguientes apuntes buscan dar un impulso temático a la perspectiva propia identitaria de los protestantismos históricos y al posicionamiento de esta tradición frente a diálogo interreligioso, como apenas posibilidad de encontrarnos con nosotros mismos, con nuestras protestas, nuestros vuelos y l...

Full description

Saved in:  
Bibliographic Details
Main Author: Iglesias, Loida Sardiñas (Author)
Format: Electronic Article
Language:Spanish
Check availability: HBZ Gateway
Interlibrary Loan:Interlibrary Loan for the Fachinformationsdienste (Specialized Information Services in Germany)
Published: [2016]
In: Revista Albertus Magnus
Year: 2016, Volume: 7, Issue: 2, Pages: 259-292
IxTheo Classification:CC Christianity and Non-Christian religion; Inter-religious relations
KBR Latin America
KDD Protestant Church
KDG Free church
Further subjects:B Protestantismo principio protestante diálogo plurirreligiosidad identidad iglesias
Online Access: Volltext (doi)
Volltext (kostenfrei)

MARC

LEADER 00000caa a22000002c 4500
001 1565212746
003 DE-627
005 20180731120724.0
007 cr uuu---uuuuu
008 171109s2016 xx |||||o 00| ||spa c
024 7 |a 10.15332/s2011-9771.2016.0002.04  |2 doi 
035 |a (DE-627)1565212746 
035 |a (DE-576)495212741 
035 |a (DE-599)BSZ495212741 
040 |a DE-627  |b ger  |c DE-627  |e rda 
041 |a spa 
084 |a 1  |2 ssgn 
100 1 |a Iglesias, Loida Sardiñas  |e VerfasserIn  |4 aut 
245 1 0 |a Iglesias, identidad y plurirreligiosidad  |b una mirada al protestantismo histórico.  |c Loida Sardiñas Iglesias 
264 1 |c [2016] 
336 |a Text  |b txt  |2 rdacontent 
337 |a Computermedien  |b c  |2 rdamedia 
338 |a Online-Ressource  |b cr  |2 rdacarrier 
520 |a Los siguientes apuntes buscan dar un impulso temático a la perspectiva propia identitaria de los protestantismos históricos y al posicionamiento de esta tradición frente a diálogo interreligioso, como apenas posibilidad de encontrarnos con nosotros mismos, con nuestras protestas, nuestros vuelos y luchas. Ello nos guiará a la pregunta obligada por la situación de los protestantismos contemporáneos y por la continuidad/discontinuidad entre el proyecto y espíritu protestante originario y la compleja realidad de los protestantismos “realmente existentes”. En un primer momento se propone una aproximación histórico-tipológica a los protestantismos latinoamericanos, a fin de definir un marco referencial común, y se ofrece una comprensión de la identidad protestante a partir del llamado “principio protestante”; en un segundo momento se expone la perspectiva evangélica histórica sobre el diálogo y las relaciones del protestantismo histórico con creyentes de otras religiones. 
601 |a Protestant 
650 4 |a Protestantismo  |x principio protestante  |x diálogo  |x plurirreligiosidad  |x identidad  |x iglesias 
652 |a CC:KBR:KDD:KDG 
773 0 8 |i Enthalten in  |t Revista Albertus Magnus  |d [Bogotá] : Facultad de Teología de la Universidad Santo Tomás, 2012  |g 7(2016), 2, Seite 259-292  |h Online-Ressource  |w (DE-627)870658263  |w (DE-600)2872015-5  |w (DE-576)478583346  |x 2500-5413  |7 nnas 
773 1 8 |g volume:7  |g year:2016  |g number:2  |g pages:259-292 
856 |u https://revistas.usantotomas.edu.co/index.php/albertus-magnus/article/download/3323/3161  |x unpaywall  |z Vermutlich kostenfreier Zugang  |h publisher [open (via page says license)] 
856 4 0 |u http://revistas.usta.edu.co/index.php/albertus-magnus/article/view/3323  |x Verlag  |x Resolving-System  |z kostenfrei  |3 Volltext  |7 0 
856 |u https://doi.org/10.15332/s2011-9771.2016.0002.04  |x doi  |3 Volltext 
951 |a AR 
ELC |a 1 
LOK |0 000 xxxxxcx a22 zn 4500 
LOK |0 001 2986895182 
LOK |0 003 DE-627 
LOK |0 004 1565212746 
LOK |0 005 20190904134005 
LOK |0 008 171109||||||||||||||||ger||||||| 
LOK |0 040   |a DE-Tue135  |c DE-627  |d DE-Tue135 
LOK |0 092   |o n 
LOK |0 852   |a DE-Tue135 
LOK |0 852 1  |9 00 
LOK |0 935   |a ixzs  |a ixzo 
LOK |0 936ln  |0 1442049278  |a KBR 
LOK |0 936ln  |0 1442050047  |a KDD 
LOK |0 936ln  |0 1442050470  |a KDG 
LOK |0 936ln  |0 1442043806  |a CC 
LOK |0 939   |a 09-11-17  |b l01 
OAS |a 1 
ORI |a SA-MARC-ixtheoa001.raw